| 000 | 00702aas a2200217 4500 | ||
|---|---|---|---|
| 999 |
_c3401 _d3401 |
||
| 003 | BR-BrBNA | ||
| 005 | 20230317233803.0 | ||
| 007 | ta | ||
| 008 | 230119b bl ||||| |||| 00| 0 por d | ||
| 035 | _a000485-5 | ||
| 040 |
_aBR-BrBNA _bPor _cBR-BrBNA |
||
| 042 | _a072137-9 | ||
| 044 | _abl | ||
| 245 | _aProgramas e Projetos - Empresa de Assistência Técnica e Extensão Rural do Estado de Goiás (Brazil) | ||
| 260 |
_aGoiânia-GO _bEmpresa de Assistência Técnica e Extensão Rural do Estado de Goiás _c1980. Data final de publicação em 1983 _eBGO |
||
| 270 | _aCaixa Postal 331 - 74000-000 | ||
| 310 | _aanual | ||
| 505 | _a1980-81 (5-6); 1983 (8); | ||
| 909 |
_a56 _bSergio Santos _c56 _dSergio Santos |
||
| 942 |
_cCR _2AGRIS |
||